| 000 | 02201cam a2200301 4500500 | ||
|---|---|---|---|
| 005 | 20260405003654.0 | ||
| 041 | _afre | ||
| 042 | _adc | ||
| 100 | 1 | 0 |
_aFronhofer, Nina-Maria _eauthor |
| 700 | 1 | 0 |
_aJeanne, Marion _eauthor |
| 245 | 0 | 0 | _aDiagnostic et gestion des biais en contexte : une analyse des sentiments |
| 260 | _c2025. | ||
| 500 | _a97 | ||
| 520 | _aL’analyse des sentiments en contexte peut être utilisée pour mesurer des biais cognitifs inhérents dans toute prise de décision. Cette approche est considérée comme complémentaire des approches précédentes issues de la psychologie sociale. En management, elle peut également informer des théories descriptives de décision. Comme l’analyse des sentiments en contexte combine une perspective quantitative et qualitative, les décideurs peuvent s’en servir pour gérer leurs éventuels biais involontaires qui sous-tendent leurs décisions. En fin de compte, cette approche peut être utilisée pour créer et améliorer des systèmes descriptifs d’aide à la décision. | ||
| 520 | _aContext-sensitive sentiment analysis can be used to measure cognitive biases inherent in all decision-making. This approach is seen as complementary to previous approaches stemming from social psychology. In management, it can also inform descriptive decision-making theories. As context-sensitive sentiment analysis combines a quantitative and qualitative perspective, decision-makers can use it to manage any unconscious biases underlying their decisions. Ultimately, this approach can be used to create and improve descriptive decision support systems. | ||
| 690 | _aanalyse des sentiments | ||
| 690 | _adiagnostic des biais | ||
| 690 | _aévaluation | ||
| 690 | _agestion des biais | ||
| 690 | _aprise de décision | ||
| 690 | _abias detection | ||
| 690 | _abias management | ||
| 690 | _adecision-making | ||
| 690 | _aevaluation | ||
| 690 | _asentiment analysis | ||
| 786 | 0 | _nManagement des technologies organisationnelles | 16 | 1 | 2025-01-16 | p. 49-63 | 2553-3851 | |
| 856 | 4 | 1 | _uhttps://shs.cairn.info/revue-management-des-technologies-organisationnelles-2025-1-page-49?lang=fr&redirect-ssocas=7080 |
| 999 |
_c2069790 _d2069790 |
||